| 000 | 005110000a22001930004500 | ||
|---|---|---|---|
| 001 | 002604 | ||
| 003 | MACL | ||
| 005 | 20150709121746.0 | ||
| 008 | 150709b xxu||||| |||| 00| 0 eng d | ||
| 040 |
_aMACL _cMACL |
||
| 041 | _aEnglish | ||
| 082 | _a320/BHA | ||
| 100 |
_aBhattacharya, Sauri _91505 |
||
| 245 |
_aPolitics And Diplomacy of India _bThe Current Phase _cSauri Bhattacharya |
||
| 260 |
_aKolkata, _c2006 _bDebjyoti, Kar, |
||
| 350 | _a200 | ||
| 650 |
_aPolitical Science _988 |
||
| 942 |
_k320 _cBK _2ddc |
||
| 999 |
_c14513 _d14513 |
||